Ensimmäisen maailmansodan valtiot - Äkkikuolema - Statistics

Yleistilastot
  • Tätä visaa on pelattu 166 kertaa
  • Keskiarvotulos 7 / 20
Answers on the Grid
Answers color-coded by a green-red scale on the quiz's grid according to % correct below.
Afganistan
Alankomaat
Albania
Argentiina
Belgia
Brasilia
Bulgaria
Espanja
Etiopia
Italia
Itävalta-Unkari
Japani
Kiina
Kreikka
Kuuba
Meksiko
Montenegro
Venäjä
Norja
Osmanien valtakunta
Portugali
Persia
Ranska
Romania
Ruotsi
Saksa
Serbia
Siam
Sveitsi
Tanska
Yhdistynyt Kuningaskunta
Yhdysvallat
 
Vastaustilastot
Vastaus % Oikein
Saksa
72%
Yhdistynyt Kuningaskunta
67%
Ranska
64%
Venäjä
60%
Yhdysvallat
58%
Itävalta-Unkari
54%
Italia
49%
Osmanien valtakunta
40%
Belgia
39%
Japani
35%
Serbia
26%
Kreikka
23%
Bulgaria
20%
Kiina
20%
Romania
18%
Siam
10%
Brasilia
7%
Montenegro
7%
Kuuba
6%
Portugali
5%
Ehtoja vastaavia visoja ei löytynyt
Tulosjakauma
Jokaisen tuloksen saaneiden osuus
Persentiili vastausten määrän mukaan
Tuloshistoriasi
Et ole pelannut tätä visaa